| 000 | 00535nam a2200169Ia 4500 | ||
|---|---|---|---|
| 008 | 090201s9999 xx 000 0 und d | ||
| 010 | _aKPL-40038 | ||
| 040 | _bमराठी | ||
| 041 | _aमराठी | ||
| 082 |
_a23387 _b40038 |
||
| 100 | _aमामा पेंडसे | ||
| 245 |
_aकेशराचे शेत _cमामा पेंडसे |
||
| 260 |
_c2004 _bश्रीविदया प्रकाशन |
||
| 300 |
_a218 _bमोठा |
||
| 600 | _aकेशराचे शेत | ||
| 942 | _cBOOK | ||
| 999 |
_c222864 _d222864 |
||